000 00483cam a22001451 4500
082 _a665.538
_bCAM
_cL-17, P-13
100 1 _aCampbell, John Morgan,
_944826
245 1 0 _aOil property evaluation.
260 _aEnglewood Cliffs, N.J.,
_bPrentice-Hall,
_c1959.
300 _a523 p.
_billus.
_c24 cm.
526 _a0
_b0
_c0
_d665_538000000000000_CAM
650 0 _aOil fields
_xValuation.
_944827
650 0 _aPetroleum industry and trade
_zUnited States
_xFinance.
_944828
942 _2ddc
_cBK
999 _c548496
_d548496